Physical and chemical data : CCOFI Cruise 6008 10-22 August 1960, CCOFI Cruise 6009 9-21 September 1960, CCOFI Cruise 6009-10 22 September-22 October 1960 /

Bibliographic Details
Corporate Authors: California Cooperative Oceanic Fisheries Investigations (Program), California. Marine Research Committee
Format: Book
Language:English
Published: [La Jolla, Calif.] : University of California, Scripps Institution of Oceanography, 1962.
Series:SIO reference ; no. 62-10.
Subjects:

MARC

Tag First Indicator Second Indicator Subfields
LEADER 00000cam a2200000Ma 4500
001 in00001838413
005 20151026065546.0
008 970916s1962 caua b 000 0 eng d
035 |a (OCoLC)ocm37768288 
040 |a CUT  |c CUT  |d TXA  |d UtOrBLW 
043 |a pn-----  |a n------ 
049 |a TXAM 
050 4 |a GC851  |b .P43 1961 
090 |a GC1  |b .C37 no. 62-10 
245 0 0 |a Physical and chemical data :  |b CCOFI Cruise 6008 10-22 August 1960, CCOFI Cruise 6009 9-21 September 1960, CCOFI Cruise 6009-10 22 September-22 October 1960 /  |c sponsored by Marine Research Committee. 
246 3 0 |a CCOFI Cruise 6008 
246 3 0 |a CCOFI Cruise 6009 
246 3 0 |a CCOFI Cruise 6009-10 
264 1 |a [La Jolla, Calif.] :  |b University of California, Scripps Institution of Oceanography,  |c 1962. 
300 |a ix, pages 314-375 :  |b illustrations ;  |c 28 cm. 
336 |a text  |b txt  |2 rdacontent 
337 |a unmediated  |b n  |2 rdamedia 
338 |a volume  |b nc  |2 rdacarrier 
490 1 |a SIO reference ;  |v 62-10 
500 |a On cover: Data report. 
500 |a Chiefly tables. 
500 |a "17 May 1962." 
504 |a Includes bibliographical references. 
650 0 |a Oceanography  |z North Pacific Ocean. 
650 0 |a Oceanography  |z North America  |z Pacific Coast. 
710 2 |a California Cooperative Oceanic Fisheries Investigations (Program) 
710 1 |a California.  |b Marine Research Committee. 
830 0 |a SIO reference ;  |v no. 62-10. 
948 |a cataloged  |b h  |c 2004/6/17  |d c  |e mphillip  |f 5:57:05 pm 
994 |a E0  |b TXA 
999 |a MARS 
999 f f |s 8a83da75-903c-3f15-a0a7-58e136e2901e  |i 16dafe88-3a08-3f75-988b-fb47dc3902b0  |t 0 
952 f f |p ric  |a Texas A&M University  |b Rellis Campus  |c Joint Library Facility  |d Remote Storage  |t 0  |e GC1 .C37 no.62-10  |h Library of Congress classification  |i unmediated -- volume  |m A14831943301 
998 f f |a GC1 .C37 no.62-10  |t 0  |l Remote Storage